Statistics for Countries Bordering Former Yugoslavia

Click here to take the quiz!

General Stats

  • This quiz has been taken 70 times
  • The average score is 7 of 7

Answer Stats

Country % Correct
Austria
97%
Greece
97%
Italy
95%
Romania
95%
Bulgaria
93%
Hungary
91%
Albania
88%

Score Distribution

Percentile by Number Answered

Percent of People with Each Score

Your Score History

You have not taken this quiz